[Event "AUTO-MASTER-3258"]
[Site "http://www.queenalice.com/game.php?id=1859976"]
[Date "2025.7.16"]
[Round "2"]
[White "hjs50667"]
[Black "andrevillares"]
[Result "1-0"]
[WhiteElo "2376"]
[BlackElo "2152"]

1. e4 c6 2. d4 d5 3. exd5 cxd5 4. c4 Nf6 5. Nc3 Bf5 6. Qb3 Nc6 7. cxd5 Na5 8.
Bb5+ Bd7 9. Qa4 a6 10. Bxd7+ Nxd7 11. Nf3 b5 12. Qd1 Nf6 13. Ne5 Nxd5 14. Qf3
Nf6 15. Nc6 Qc7 16. Nxa5 Rd8 17. Qc6+ Qxc6 18. Nxc6 Rd6 19. Nb4 Rxd4 20. Nxa6 b4
21. Nb5 Re4+ 22. Be3 e5 23. Rc1 Kd8 24. O-O Be7 25. Rfd1+ Nd7 26. Bb6+ 1-0

[Event "AUTO-MASTER-3258"]
[Site "http://www.queenalice.com/game.php?id=1859979"]
[Date "2025.7.16"]
[Round "2"]
[White "hjs50667"]
[Black "rmvwoods"]
[Result "1-0"]
[WhiteElo "2370"]
[BlackElo "1990"]

1. e4 e5 2. Nc3 Nf6 3. d4 exd4 4. Qxd4 Nc6 5. Qe3 d6 6. Bd2 Be6 7. O-O-O Be7 8.
Be1 O-O 9. f4 a6 10. Nf3 Ng4 11. Qe2 Qc8 12. h3 Nf6 13. g4 Nxg4 14. hxg4 Bxg4
15. Qg2 h5 16. Nd5 b5 17. Ne3 g6 18. f5 Ne5 19. Nxe5 Bxd1 20. Nxg6 fxg6 21.
Qxg6+ 1-0

[Event "AUTO-MASTER-3258"]
[Site "http://www.queenalice.com/game.php?id=1859980"]
[Date "2025.7.16"]
[Round "2"]
[White "rmvwoods"]
[Black "hjs50667"]
[Result "0-1"]
[WhiteElo "1953"]
[BlackElo "2375"]

1. e4 e6 2. d4 d5 3. Nd2 dxe4 4. Nxe4 Nd7 5. Nf3 Ngf6 6. Bd3 Be7 7. O-O O-O 8.
c3 b6 9. Qc2 Bb7 10. Neg5 h6 11. Ne4 c5 12. Be3 Ng4 13. h3 Nxe3 14. fxe3 Qc7 15.
Rf2 Rae8 16. Raf1 c4 17. Be2 a6 18. Ned2 b5 19. b3 cxb3 20. axb3 e5 21. Nxe5
Nxe5 22. dxe5 Qxe5 23. Bf3 Bd6 24. g4 Bxf3 25. Nxf3 Qg3+ 26. Rg2 Qxh3 27. Qd2
Bc5 28. Nd4 Rxe3 29. Rff2 Rxc3 30. Rh2 Qxg4+ 31. Kf1 Bxd4 32. Rfg2 Qf3+ 33. Ke1
Re8+ 34. Re2 Rxe2+ 35. Qxe2 Rc1+ 36. Kd2 Qc3# 0-1

[Event "AUTO-OPEN-4583"]
[Site "http://www.queenalice.com/game.php?id=1861023"]
[Date "2025.8.3"]
[Round "2"]
[White "hjs50667"]
[Black "delphicoracle"]
[Result "0-1"]
[WhiteElo "2257"]
[BlackElo "2666"]

1. e4 c6 2. d4 d5 3. exd5 cxd5 4. Bd3 g6 5. c3 Bf5 6. Bxf5 gxf5 7. Nf3 e6 8. O-O
Nc6 9. Bf4 Bd6 10. Bxd6 Qxd6 11. Qe2 Nge7 12. Nbd2 Ng6 13. Nb3 O-O-O 14. Nc5
Rhg8 15. Kh1 Nf4 16. Qb5 Qc7 17. g3 Nh5 18. b4 Nf6 19. Rfc1 Ne4 20. Qe2 Nd6 21.
a4 Rh8 22. a5 a6 23. Nh4 h5 24. Nf3 Na7 0-1

[Event "AUTO-OPEN-4583"]
[Site "http://www.queenalice.com/game.php?id=1861024"]
[Date "2025.8.3"]
[Round "2"]
[White "delphicoracle"]
[Black "hjs50667"]
[Result "1-0"]
[WhiteElo "2665"]
[BlackElo "2258"]

1. d4 Nf6 2. c4 g6 3. Nc3 d5 4. cxd5 Nxd5 5. Bd2 Bg7 6. e4 Nb6 7. Be3 O-O 8. h3
Nc6 9. Nf3 f5 10. exf5 Bxf5 11. Qb3+ Kh8 12. d5 Ne5 13. Nxe5 Bxe5 14. Rd1 Qd6
15. g4 Bd7 16. Bg2 e6 17. O-O exd5 18. f4 Bg7 19. Nxd5 Ba4 20. Nxb6 axb6 21.
Rxd6 Bxb3 22. Rd7 Rxa2 23. Rxc7 Rxb2 24. Bxb7 Re8 25. Bxb6 Bc4 26. Rxc4 Rxb6 27.
Be4 Bf8 28. Kf2 1-0

[Event "AUTO-MASTER-3256"]
[Site "http://www.queenalice.com/game.php?id=1861472"]
[Date "2025.8.12"]
[Round "2"]
[White "cm1964"]
[Black "hjs50667"]
[Result "1-0"]
[WhiteElo "2290"]
[BlackElo "2355"]

1. e4 e6 2. d4 d5 3. Nc3 Nf6 4. e5 Nfd7 5. f4 c5 6. Nf3 Nc6 7. Be3 a6 8. Ne2 Qb6
9. Qc1 Be7 10. h4 O-O 11. c3 f6 12. h5 1-0

[Event "AUTO-MASTER-3256"]
[Site "http://www.queenalice.com/game.php?id=1861473"]
[Date "2025.8.12"]
[Round "2"]
[White "hjs50667"]
[Black "cm1964"]
[Result "0-1"]
[WhiteElo "2341"]
[BlackElo "2304"]

1. e4 c5 2. Nf3 d6 3. d4 cxd4 4. Nxd4 Nf6 5. Nc3 a6 6. Rg1 b5 7. g4 Bb7 8. f3 h6
9. Be3 e5 10. Nf5 g6 11. Ng3 Nbd7 12. Qd2 b4 0-1

[Event "AUTO-MASTER-3256"]
[Site "http://www.queenalice.com/game.php?id=1861476"]
[Date "2025.8.12"]
[Round "2"]
[White "signifer"]
[Black "hjs50667"]
[Result "1-0"]
[WhiteElo "2281"]
[BlackElo "2300"]

1. d4 Nf6 2. c4 g6 3. Nf3 Bg7 4. e3 O-O 5. Nc3 d5 6. Be2 c6 7. a4 a6 8. O-O a5
9. b3 Na6 10. Ba3 Re8 11. cxd5 Nxd5 12. Nxd5 cxd5 13. Rc1 Bd7 14. Rc3 Qb8 15.
Qd2 b5 16. Bxb5 Bxb5 17. axb5 Qxb5 18. Rfc1 e6 19. Ne5 Nb4 20. Rc5 Qb8 21. Nd3
Nxd3 22. Qxd3 h5 23. Rb5 Qa7 24. Bc5 Rec8 25. g4 Qa6 26. gxh5 1-0

[Event "AUTO-MASTER-3256"]
[Site "http://www.queenalice.com/game.php?id=1861477"]
[Date "2025.8.12"]
[Round "2"]
[White "hjs50667"]
[Black "signifer"]
[Result "0-1"]
[WhiteElo "2287"]
[BlackElo "2294"]

1. d4 d5 2. c4 c6 3. Nf3 Bg4 4. Ne5 Bc8 5. Nc3 e6 6. cxd5 exd5 7. e4 Be6 8. exd5
cxd5 9. Qb3 Qb6 10. Bb5+ Nc6 11. Nxd5 Bb4+ 12. Qxb4 Bxd5 13. Nc4 Bxc4 14. Qxc4
a6 15. Ba4 Ne7 16. O-O O-O 17. d5 Nd4 18. Be3 Nef5 19. Rad1 Nf3+ 20. gxf3 Nxe3
21. fxe3 Qxe3+ 22. Rf2 b5 23. Qc3 Qxc3 0-1

[Event "AUTO-MASTER-3256"]
[Site "http://www.queenalice.com/game.php?id=1861478"]
[Date "2025.8.12"]
[Round "2"]
[White "Ron39"]
[Black "hjs50667"]
[Result "1-0"]
[WhiteElo "2262"]
[BlackElo "2397"]

1. d4 Nf6 2. c4 c5 3. dxc5 Qa5+ 4. Nc3 Qxc5 5. e4 d6 6. Be3 Qa5 7. f3 g6 8. Ne2
Bg7 9. Nd4 O-O 10. Be2 Nc6 11. O-O Bd7 12. Nc2 Rfc8 13. Qd2 Ne5 14. Na3 Be6 15.
Nd5 Qxd2 16. Bxd2 Nxd5 17. cxd5 Bd7 18. Bc3 a6 19. h3 g5 20. Rac1 f5 21. Nb1 Ng6
22. Bd3 Nf4 23. Rfd1 fxe4 24. fxe4 Bb5 25. Bf1 Bxf1 26. Kxf1 Rf8 27. Bxg7 Kxg7
28. Rc2 Nxh3+ 29. Ke1 Nf4 30. Nc3 Rac8 31. Rdd2 h5 32. g3 Ng6 33. Rh2 Kh6 34.
Rh1 1-0

[Event "AUTO-MASTER-3256"]
[Site "http://www.queenalice.com/game.php?id=1861479"]
[Date "2025.8.12"]
[Round "2"]
[White "hjs50667"]
[Black "Ron39"]
[Result "1-0"]
[WhiteElo "2389"]
[BlackElo "2282"]

1. Nf3 d5 2. e3 Bg4 3. c4 Nf6 4. d4 Bxf3 5. Qxf3 e6 6. Nc3 c6 7. Bd3 dxc4 8.
Bxc4 Bb4 9. O-O O-O 10. a3 Ba5 11. Rd1 Nd5 12. e4 Nxc3 13. bxc3 Bc7 14. Rb1 b5
15. Bb3 Nd7 16. e5 c5 17. Qg4 Re8 18. Bh6 g6 19. h4 Qe7 20. Bg5 Qf8 21. h5 f5
22. Qf3 h6 23. Bd2 g5 24. Qc6 1-0

[Event "AUTO-OPEN-4596"]
[Site "http://www.queenalice.com/game.php?id=1864027"]
[Date "2025.10.9"]
[Round "2"]
[White "hjs50667"]
[Black "Zero007"]
[Result "0-1"]
[WhiteElo "2275"]
[BlackElo "2093"]

1. d4 d5 2. Nf3 Nf6 3. g3 c5 4. Bg2 e6 5. O-O Nc6 6. c4 dxc4 7. Qa4 Bd7 8. Qxc4
Qb6 9. dxc5 Bxc5 10. Nc3 O-O 11. Na4 Qb4 12. Qxc5 Qxa4 13. b3 Qa5 14. Qxa5 Nxa5
15. Ne5 Bc6 16. Bd2 Bxg2 17. Kxg2 Nc6 18. Nxc6 bxc6 19. Rac1 Rfc8 20. Rc4 a5 21.
Rfc1 Ra6 22. Rc5 Ne4 0-1

[Event "AUTO-OPEN-4596"]
[Site "http://www.queenalice.com/game.php?id=1864028"]
[Date "2025.10.9"]
[Round "2"]
[White "Zero007"]
[Black "hjs50667"]
[Result "0-1"]
[WhiteElo "2069"]
[BlackElo "2398"]

1. e4 e6 2. d4 d5 3. Nc3 Nf6 4. Bd3 c5 5. Bb5+ Bd7 6. Bxd7+ Qxd7 7. Be3 cxd4 8.
Bxd4 Nxe4 9. Nf3 Nc6 10. O-O f6 11. Re1 e5 12. Nxe4 dxe4 13. Rxe4 O-O-O 0-1

[Event "AUTO-ELITE-2577"]
[Site "http://www.queenalice.com/game.php?id=1864707"]
[Date "2025.10.25"]
[Round "2"]
[White "beteljeuxe"]
[Black "hjs50667"]
[Result "1-0"]
[WhiteElo "2548"]
[BlackElo "2381"]

1. e4 e6 2. d4 d5 3. Nc3 dxe4 4. Nxe4 Nd7 5. Nf3 Ngf6 6. Nxf6+ Nxf6 7. Bd3 c5 8.
Be3 Qc7 9. c3 Bd6 10. O-O O-O 11. Qe2 b6 12. Bg5 Bb7 13. Bxf6 gxf6 14. Be4 1-0

[Event "AUTO-ELITE-2577"]
[Site "http://www.queenalice.com/game.php?id=1864708"]
[Date "2025.10.25"]
[Round "2"]
[White "hjs50667"]
[Black "beteljeuxe"]
[Result "0-1"]
[WhiteElo "2374"]
[BlackElo "2553"]

1. e4 e5 2. d4 exd4 3. Qxd4 Nc6 4. Qc4 Nf6 5. Nc3 Bb4 6. Bd2 O-O 7. O-O-O Re8 8.
f3 d6 9. a3 a5 10. Qe2 d5 11. Be1 Bd7 12. Nxd5 Nxd5 13. Rxd5 Qe7 14. Qe3 Be6 0-1